000 00365nam a2200133Ia 4500
008 151001s9999||||xx |||||||||||||| ||und||
100 _aSibnarayan Ray
245 _aIn freedoms quest
250 _a1
260 _bRenissance
260 _c2007
300 _a216
365 _b21
999 _c989541
_d989538